000 00914cam a22002415a 4500
005 20091103014612.0
008 090911s2009 ii ab b 100 0 eng d
010 _aENG-95328
020 _a9788131305744
_c695.00
035 _aEN-78861
037 _aDBAD/PUB
040 _aDPL
_beng
082 _a633.84
100 _aMahindru, S.N.
245 _aIndian chillies /
_cby S.N. Mahindru
260 _aNew Delhi :
_bAPH Publishing Corporation
_c2009.
270 _a4435-36/7. Ansari road, Darya Ganj
_bNew Delhi
_e110002
300 _av, 223p.
_c22 cm. (Hb)
520 _aContributed articles.
942 _2ddc
_cEN
_mMAH
_h633.84
999 _c31376
_d31376